000 00584nam a2200205Ia 4500
005 20230225120256.0
008 131103s9999 xx 000 0 und d
040 _aLoreto College
041 _aEnglish
082 _a821.08
_bPAR
245 _aModern poerty
_cSelected by E. W. Parker; with foreword by P. Gurrey
260 _aLondon
_bLongmans
_c1939
300 _axv,360p.
440 _aThe Heritage literature series; no.35
504 _aIncludes index of first lines
650 _aEnglish Poetry - Collections
700 _aParker, E. W
850 _aLCLIB
942 _cBK
999 _c13027
_d63506